000 00504nam a2200217Ia 4500
003 OSt
005 20220924145652.0
006 a|||||r|||| 00| 0
007 ta
008 220923b |||||||| |||| 00| 0 per d
024 _a329753
037 _cTextual
040 _aARTS
_cARTS
_bper
041 _2per
_aper
082 _aNA45, 164M8
245 0 _aZaya dasti Iran
260 _c1988
650 _aARCHITECTURE
942 _hNA45, 164M8
_cTEXL
_2CC
999 _c460789
_d460789